[Event "LTU-chT (Women)"]
[Site "Lithuania"]
[Date "2015.03.28"]
[Round "6.3"]
[White "Vanagaite, Giedre"]
[Black "Stoniene, Brigita"]
[Result "1-0"]
[WhiteElo "1970"]
[BlackElo "2024"]
[PlyCount "103"]
[EventDate "2015.01.24"]
[EventType "team-swiss"]
[EventRounds "7"]
[EventCountry "LTU"]
[SourceTitle "EXT 2018"]
[Source "ChessBase"]
[SourceDate "2017.10.13"]
[SourceVersion "1"]
[SourceVersionDate "2017.10.13"]
[SourceQuality "1"]
[WhiteTeam "Panevezys Nike (W)"]
[BlackTeam "Ukmerge Damos (W)"]
[WhiteTeamCountry "LTU"]
[BlackTeamCountry "LTU"]

1. d4 d5 2. Nf3 Nf6 3. c4 dxc4 4. e3 c5 5. Bxc4 e6 6. 0-0 Nc6 7. Nc3 Be7 8. Qe2 a6 9. a4 0-0 10. Rd1 Qc7 11. e4 cxd4 12. Nxd4 Nxd4 13. Rxd4 Bc5 14. Rd1 Nd7 15. Ba2 h6 16. Be3 Bxe3 17. Qxe3 Nf6 18. Rac1 Ng4 19. Qg3 Qxg3 20. hxg3 b5 21. Rd6 Ne5 22. f4 Ng4 23. Bb1 b4 24. Ne2 a5 25. Bd3 Ra7 26. Bb5 Nf6 27. e5 Nd5 28. Nd4 Rc7 29. Rdc6 Rxc6 30. Nxc6 Bd7 31. Nxa5 Bxb5 32. axb5 Rb8 33. Rc5 Ra8 34. Nc4 Ra1+ 35. Kh2 Ra2 36. b6 Nxb6 37. Nxb6 Rxb2 38. Rb5 g5 39. Nd7 Kg7 40. Nc5 Rb1 41. Nd3 Rb3 42. Nxb4 Kg6 43. Rb8 Kf5 44. Nc6 Rd3 45. Ne7+ Ke4 46. Rb4+ Ke3 47. fxg5 hxg5 48. Rg4 Rd7 49. Ng8 f5 50. exf6 Kf2 51. Ne7 Rd8 52. Ng6 1-0

[Event "LTU-ch (Women)"]
[Site "Panevezys"]
[Date "2008.04.12"]
[Round "7"]
[White "Kiseleva, Simona"]
[Black "Stoniene, Brigita"]
[Result "0-1"]
[WhiteElo "2190"]
[BlackElo "2012"]
[PlyCount "92"]
[EventDate "2008.04.08"]
[EventType "tourn"]
[EventRounds "9"]
[EventCountry "LTU"]
[SourceTitle "EXT 2022"]
[Source "ChessBase"]
[SourceDate "2021.10.06"]
[SourceVersion "1"]
[SourceVersionDate "2021.10.06"]
[SourceQuality "1"]

1. d4 d5 2. c4 dxc4 3. e4 e5 4. Nf3 exd4 5. Bxc4 Bb4+ 6. Nbd2 Nc6 7. 0-0 Nf6 8. e5 Nd5 9. Nb3 0-0 10. Nbxd4 Bg4 11. Nxc6 bxc6 12. Qd4 Bxf3 13. gxf3 Be7 14. f4 Nb6 15. Qxd8 Raxd8 16. Bb3 c5 17. Be3 c4 18. Bc2 Nd5 19. Bc1 Nb4 20. Be4 Bc5 21. a3 Nd3 22. Bxd3 Rxd3 23. Re1 Rb8 24. Ra2 Rbb3 25. Kg2 h5 26. Re4 Bd4 27. h4 Rd1 28. f5 c5 29. e6 Kf8 30. Bf4 f6 31. Re2 Ke7 32. Rc2 Re1 33. a4 Re4 34. Bg3 Be5 35. f3 Ree3 36. Bxe5 Rxe5 37. Rxc4 Rxf5 38. f4 Kxe6 39. Ra1 Rxb2+ 40. Kg3 Rb3+ 41. Kg2 Rd5 42. Re1+ Kf5 43. Re2 Rb4 44. Rec2 Rxc4 45. Rxc4 Kg4 46. Kf2 Rd4 0-1

[Event "LTU-ch (Women)"]
[Site "Panevezys"]
[Date "2008.04.10"]
[Round "4"]
[White "Stoniene, Brigita"]
[Black "Sarakauskiene, Zivile"]
[Result "0-1"]
[WhiteElo "2012"]
[BlackElo "2198"]
[PlyCount "120"]
[EventDate "2008.04.08"]
[EventType "tourn"]
[EventRounds "9"]
[EventCountry "LTU"]
[SourceTitle "EXT 2022"]
[Source "ChessBase"]
[SourceDate "2021.10.06"]
[SourceVersion "1"]
[SourceVersionDate "2021.10.06"]
[SourceQuality "1"]

1. e4 c5 2. Nf3 e6 3. d4 cxd4 4. Nxd4 a6 5. Bd3 Nc6 6. Be3 Nf6 7. 0-0 Ne5 8. c4 Nfg4 9. Bc1 Bc5 10. Nf3 Qb6 11. Nxe5 Bxf2+ 12. Kh1 Nxe5 13. Bc2 0-0 14. Qe2 Bd4 15. a4 d6 16. Ra3 Ng6 17. e5 Qc5 18. exd6 Qxd6 19. Nc3 Qe5 20. Qf3 f5 21. Bg5 Ra7 22. Qh5 Bc5 23. Raa1 b6 24. Rae1 Qd6 25. Rf3 Rff7 26. Rd1 Qc6 27. Rh3 Nf8 28. Rd8 g6 29. Qe2 Be7 30. Bxe7 Raxe7 31. a5 Qc7 32. Rd1 bxa5 33. Re3 Rd7 34. Re1 Rd4 35. Bb3 Rh4 36. h3 Bb7 37. Qf2 Rh6 38. Kg1 g5 39. Re5 Bxg2 40. Qxg2 Qb6+ 41. c5 Qxb3 42. R1e3 Nd7 43. Qg3 Nxe5 44. Qxe5 Qxb2 45. Rd3 Qc1+ 46. Nd1 Qf4 47. Qc3 Qc7 48. Nf2 e5 49. Rd5 e4 50. Qd4 Rhf6 51. Rd8+ Kg7 52. Rd5 Kg6 53. Qe3 Qf4 54. Qc3 e3 55. Nh1 Qf3 56. Rd8 Qxh3 57. Qe5 Qg4+ 58. Ng3 f4 59. Rg8+ Kh6 60. Qd5 Qxg3+ 0-1